[Event "Adelaide Interclub-A"]
[Site "Adelaide"]
[Date "2002.06.04"]
[Round "5.4"]
[White "Wright, Bruce"]
[Black "Foord, Justin"]
[Result "1/2-1/2"]
[WhiteElo "1461"]
[BlackElo "1439"]
[PlyCount "138"]
[EventDate "2002.05.07"]
[EventType "team-tourn"]
[EventRounds "9"]
[EventCountry "AUS"]
[SourceTitle "EXT 2023"]
[Source "ChessBase"]
[SourceDate "2022.10.05"]
[SourceVersion "1"]
[SourceVersionDate "2022.10.05"]
[SourceQuality "1"]

1. e4 d5 2. exd5 Nf6 3. d4 Bg4 4. Nf3 Qxd5 5. Be2 Nc6 6. c4 Qd6 7. c5 Qd7 8. Be3 e6 9. 0-0 0-0-0 10. Bb5 Qd5 11. Bxc6 Qxc6 12. Nbd2 Bxf3 13. Qxf3 Qxf3 14. Nxf3 Ng4 15. h3 Nxe3 16. fxe3 f6 17. b4 b5 18. a4 bxa4 19. Rxa4 Kb7 20. Rfa1 Ra8 21. b5 Be7 22. Nd2 Rhd8 23. Nc4 e5 24. Na5+ Kc8 25. Nc6 Rd7 26. Nxe7+ Rxe7 27. Rxa7 Rxa7 28. Rxa7 exd4 29. exd4 Re1+ 30. Kf2 Rb1 31. Ra8+ Kb7 32. Rg8 Rxb5 33. Rxg7 Rb4 34. Ke3 Kc6 35. Rxh7 Rb3+ 36. Ke4 Rg3 37. d5+ Kxc5 38. Rxc7+ Kd6 39. Rc6+ Ke7 40. Rc2 Kd6 41. Rf2 Ke7 42. d6+ Kxd6 43. Rxf6+ Ke7 44. Rf2 Ke6 45. Kf4 Rg6 46. Re2+ Kf7 47. g4 Kg7 48. Re7+ Kh6 49. Rf7 Rc6 50. Re7 Rc4+ 51. Kf5 Rc5+ 52. Re5 Rc3 53. Re6+ Kg7 54. h4 Rc5+ 55. Re5 Rc1 56. Rb5 Rc7 57. h5 Rf7+ 58. Kg5 Rc7 59. Re5 Kh7 60. Rf5 Rg7+ 61. Kh4 Kh6 62. Rf6+ Kh7 63. h6 Rd7 64. Kh5 Rd5+ 65. Rf5 Rd1 66. Rf7+ Kg8 67. Rg7+ Kh8 68. g5 Rh1+ 69. Kg6 Rxh6+ 1/2-1/2

[Event "Adelaide Interclub-A"]
[Site "Adelaide"]
[Date "2002.05.21"]
[Round "3.4"]
[White "Wright, Bruce"]
[Black "Mathews, Peter"]
[Result "0-1"]
[WhiteElo "1461"]
[BlackElo "1564"]
[PlyCount "68"]
[EventDate "2002.05.07"]
[EventType "team-tourn"]
[EventRounds "9"]
[EventCountry "AUS"]
[SourceTitle "EXT 2023"]
[Source "ChessBase"]
[SourceDate "2022.10.05"]
[SourceVersion "1"]
[SourceVersionDate "2022.10.05"]
[SourceQuality "1"]

1. e4 e6 2. d4 d5 3. Nc3 Bb4 4. a3 Bxc3+ 5. bxc3 dxe4 6. Qg4 Kf8 7. Qxe4 Nf6 8. Qh4 c5 9. Nf3 Nc6 10. Bc4 Qa5 11. Bd2 b5 12. Bd3 c4 13. Be4 Bb7 14. Bxc6 Bxc6 15. Ne5 Bxg2 16. Rg1 Be4 17. Qg5 Bg6 18. Nxc4 Qa4 19. Qc5+ Kg8 20. Nd6 h6 21. Rc1 Kh7 22. Qc7 Rad8 23. Nxf7 Rd7 24. Qxd7 Nxd7 25. Nxh8 Bh5 26. Rg3 Kxh8 27. Re3 Bg4 28. h3 Bf5 29. d5 exd5 30. Kf1 Qxa3 31. c4 Qc5 32. cxb5 Qxb5+ 33. Kg1 d4 34. c4 Qb2 0-1

[Event "Adelaide Interclub-A"]
[Site "Adelaide"]
[Date "2002.05.07"]
[Round "1.4"]
[White "Wright, Bruce"]
[Black "Harrison, Derek"]
[Result "1-0"]
[WhiteElo "1461"]
[BlackElo "1385"]
[PlyCount "83"]
[EventDate "2002.05.07"]
[EventType "team-tourn"]
[EventRounds "9"]
[EventCountry "AUS"]
[SourceTitle "EXT 2023"]
[Source "ChessBase"]
[SourceDate "2022.10.05"]
[SourceVersion "1"]
[SourceVersionDate "2022.10.05"]
[SourceQuality "1"]

1. e4 d5 2. exd5 Qxd5 3. d4 e5 4. dxe5 Qxe5+ 5. Be2 Bf5 6. Nf3 Qe4 7. c3 Bd6 8. 0-0 Ne7 9. Nbd2 Qc2 10. Nc4 Qxd1 11. Rxd1 Nc8 12. Nd4 Bd7 13. Bf3 Nc6 14. Bxc6 bxc6 15. Nxd6+ cxd6 16. Re1+ Kd8 17. Bf4 Kc7 18. Rad1 c5 19. Nc2 a5 20. Ne3 Re8 21. Nd5+ Kc6 22. c4 Re6 23. Nc3 Ra6 24. Ne4 h6 25. h4 a4 26. Nc3 Rxe1+ 27. Rxe1 Be6 28. b3 axb3 29. axb3 Rb6 30. Rb1 Ne7 31. Be3 Nf5 32. g3 Nd4 33. Bxd4 cxd4 34. Nb5 d5 35. Nxd4+ Kd6 36. cxd5 Kxd5 37. Nxe6 fxe6 38. Kg2 Kd4 39. Kf3 Kc3 40. Kf4 Kc2 41. Re1 Kxb3 42. Rb1+ 1-0

[Event "The Kaf University op"]
[Site "The Kaf"]
[Date "2001.07.08"]
[Round "7.11"]
[White "Thiyagarajah, Anand"]
[Black "Wright, Bruce"]
[Result "1-0"]
[WhiteElo "1326"]
[BlackElo "1611"]
[PlyCount "33"]
[EventDate "2001.07.??"]
[EventType "swiss"]
[EventRounds "7"]
[EventCountry "AUS"]
[SourceTitle "EXT 2004"]
[Source "ChessBase"]
[SourceDate "2003.11.25"]
[SourceVersion "1"]
[SourceVersionDate "2003.11.25"]
[SourceQuality "1"]

1. e4 d6 2. d4 Nf6 3. Nc3 g6 4. Be2 Bg7 5. f4 c6 6. h4 Qa5 7. Bd2 Qc7 8. e5 dxe5 9. fxe5 Nd5 10. Nxd5 cxd5 11. h5 Bf5 12. c3 e6 13. g4 Be4 14. Bf3 Bxf3 15. Qxf3 gxh5 16. Rxh5 Nc6 17. Bg5 1-0

[Event "The Kaf University op"]
[Site "The Kaf"]
[Date "2001.07.08"]
[Round "6.15"]
[White "Wright, Bruce"]
[Black "Heitmann, Syamanandra"]
[Result "1-0"]
[WhiteElo "1611"]
[BlackElo "1316"]
[PlyCount "88"]
[EventDate "2001.07.??"]
[EventType "swiss"]
[EventRounds "7"]
[EventCountry "AUS"]
[SourceTitle "EXT 2004"]
[Source "ChessBase"]
[SourceDate "2003.11.25"]
[SourceVersion "1"]
[SourceVersionDate "2003.11.25"]
[SourceQuality "1"]

1. d4 Nf6 2. c4 g6 3. Nc3 d5 4. f3 Bg7 5. e3 0-0 6. Bd3 Re8 7. Nge2 Nc6 8. 0-0 e5 9. cxd5 Nxd5 10. Nxd5 Qxd5 11. e4 Qd8 12. d5 Ne7 13. Bg5 Rf8 14. Rc1 f5 15. Qb3 Kh8 16. Qb4 Bf6 17. Bxf6+ Rxf6 18. Qc3 Qd6 19. Qxc7 Qxc7 20. Rxc7 fxe4 21. fxe4 Rxf1+ 22. Kxf1 Ng8 23. h3 Nf6 24. g4 h5 25. Rf7 Nh7 26. gxh5 Bxh3+ 27. Ke1 gxh5 28. Re7 Ng5 29. Ng1 Bg2 30. Rxe5 Nf3+ 31. Nxf3 Bxf3 32. Be2 Bg4 33. Bxg4 hxg4 34. Rh5+ Kg7 35. Rg5+ Kf6 36. Rxg4 Ke5 37. Kd2 Re8 38. Kd3 Kd6 39. Kd4 b6 40. Rg6+ Kc7 41. e5 Rf8 42. Rg7+ Kd8 43. d6 Kc8 44. Rxa7 Rf2 1-0